000 00918cab a2200301 4500
001 ABS51195
008 090401t1994 xxu||||| |||| 00| 0 eng d
035 _a(Sirsi) u14478
041 _aeng
100 _aMinogue, A.
245 _aDamages for faulty workmanship
260 _c1994
350 _a0
490 _aBuilding
_v259(7857) 26 August 1994, 23(1)
520 _aDiscusses "Beaco Ltd v Alfa Laval Co Ltd" which examined whether an employer was entitled to consequential damages if a breach of contract leads only to indirect loss.
650 _aBUILT ENVIRONMENT-BUILDING CONTRACT FORMS
650 _aCLAIMS
650 _aCONTRACT CLAIMS
650 _aDEFECTIVE WORK
650 _aDEFECTS
650 _aDUTY OF CARE
650 _aLOSS AND EXPENSE
650 _aREPAIRS
650 _aWARRANTIES
690 _aBUILT ENVIRONMENT-BUILDING CONTRACT FORMS
942 _n0
948 _c04/03/1997
999 _c9437
_d9437